| 000 | 00609nam a2200241Ia 4500 | ||
|---|---|---|---|
| 008 | 190123s9999 xx 000 0 und d | ||
| 020 | _a9780439309080 | ||
| 050 | _bW874 1992 | ||
| 100 | _aWood, Douglas | ||
| 245 | 0 | _aOld turtle / | |
| 245 | 0 | _cby Douglas Wood ; watercolors by Cheng-Khee Chee. | |
| 260 | _aNew York, New York : | ||
| 260 | _bScholastic, | ||
| 260 | _c1992 | ||
| 300 | _aunpaged : | ||
| 300 | _bcolored illustrations ; | ||
| 300 | _c26cm. | ||
| 500 | _a580L | ||
| 650 | _aNature -- | ||
| 650 | _xEffect of human beings. | ||
| 700 | _aChee, Cheng-Khee. | ||
| 700 | _aTitle. | ||
| 999 |
_c361039 _d361039 |
||